| 000 | 01587cam a2200349 i 4500 | ||
|---|---|---|---|
| 001 | 19293101 | ||
| 003 | NUST | ||
| 005 | 20221013132126.0 | ||
| 008 | 160928s2017 nyua b 001 0 eng | ||
| 010 | _a 2016044875 | ||
| 020 | _a9780195372779 (paperback) | ||
| 040 |
_aDLC _beng _cDLC _erda _dDLC |
||
| 042 | _apcc | ||
| 050 | 0 | 0 |
_aK1401 _b.V35 2017 |
| 082 | 0 | 0 |
_a346.048, VAI _223 |
| 084 |
_aLAW050010 _2bisacsh |
||
| 100 | 1 |
_aVaidhyanathan, Siva, _eauthor. _9100170 |
|
| 245 | 1 | 0 |
_aIntellectual property : _ba very short introduction / _cSiva Vaidhyanathan. |
| 264 | 1 |
_aNew York : _bOxford University Press, _c[2017] |
|
| 300 |
_axxi, 121 pages : _billustrations ; _c18 cm. |
||
| 336 |
_atext _btxt _2rdacontent |
||
| 337 |
_aunmediated _bn _2rdamedia |
||
| 338 |
_avolume _bnc _2rdacarrier |
||
| 490 | 0 | _aVery short introductions | |
| 505 | 8 | _aChapter 1: How to Read Starbucks; or Why Intellectual Property Matters More Than You Think (Page-1), Chapter 2: Copyright, Culture, and Commerce (Page-16),Chapter 3: Patents and their Discontents (Page-40),Chapter 4: Trademarks and the Politics of Branding (Page-67),Chapter 5: Other Rights: Domain Names, Publicity, Trade Secrets, Data, and Designs (Page-81). | |
| 650 | 0 |
_aIntellectual property (International law) _9100171 |
|
| 650 | 0 |
_aCopyright, International. _9100172 |
|
| 650 | 7 |
_aLAW / Intellectual Property / Copyright. _2bisacsh _9100173 |
|
| 906 |
_a7 _bcbc _corignew _d1 _eecip _f20 _gy-gencatlg |
||
| 942 |
_2ddc _cBK |
||
| 999 |
_c591775 _d591775 |
||